书目信息 |
| 题名: |
花样滑冰竞赛规则
|
|
| 作者: | ;国家体育运动委员会 审定 | |
| 分册: | ||
| 出版信息: | 北京 人民体育出版社 1982 |
|
| 页数: | 93页 | |
| 开本: | 19cm | |
| 丛书名: | ||
| 单 册: | ||
| 中图分类: | G862.24 | |
| 科图分类: | ||
| 主题词: | 花样滑冰-竞赛规则--1982 , 竞赛规则-花样滑冰--1982 | |
| 电子资源: | ||
| ISBN: | ||
| 000 | 00729nam0 2200241 45 | |
| 001 | 0182002024 | |
| 005 | 20060805155705.87 | |
| 010 | @dCNY0.27 | |
| 091 | @a7015.2086 | |
| 100 | @a19950602d1982 em y0chiy0121 ea | |
| 101 | 0 | @achi |
| 102 | @aCN@b110000 | |
| 105 | @ay z 000yy | |
| 200 | 10 | @a花样滑冰竞赛规则@Ahua yang hua bing jing sai gui zai@e1982@f国家体育运动委员会审定 |
| 210 | @a北京@c人民体育出版社@d1982 | |
| 215 | @a93页@d19cm | |
| 606 | @a花样滑冰-竞赛规则@z1982 | |
| 606 | @a竞赛规则-花样滑冰@z1982 | |
| 690 | @aG862.24@v3 | |
| 711 | 02 | @a国家体育运动委员会@Aguo jia ti yu yun dong wei yuan hui@4审定 |
| 801 | 0 | @aCN@b上海图书馆@c20060805 |
| 801 | 2 | @aCN@bNLC@c20060804 |
| 905 | @f3@b80239-241@dG862.24@e2 | |
| 花样滑冰竞赛规则:1982/国家体育运动委员会审定.-北京:人民体育出版社,1982 |
| 93页;19cm |
| ISBN :CNY0.27 |
| ● |
| 相关链接 |
|
|
|
|
正题名:花样滑冰竞赛规则
索取号:G862.24/2
 
预约/预借
| 序号 | 登录号 | 条形码 | 馆藏地/架位号 | 状态 | 备注 |
| 1 | 0080239 | 000307055 | 密集书库/ [索取号:G862.24/2] | 在馆 | |
| 2 | 0080240 | 000307073 | 密集书库/ [索取号:G862.24/2] | 在馆 | |
| 3 | 0080241 | 000307064 | 第一样本阅览室/ [索取号:G862.24/2] | 在馆 | |
| 4 | 0446786 | 204467861 | 密集书库/ [索取号:G862.24/2] | 在馆 | |
| 5 | 0447170 | 204471703 | 密集书库/ [索取号:G862.24/2] | 在馆 |